Πολιτιστική πολιτική, χορηγία και εταιρική κοινωνική ευθύνη

Αποθηκεύτηκε σε:
Λεπτομέρειες βιβλιογραφικής εγγραφής
Κύριος συγγραφέας: Γκαντζιάς, Γιώργος Κ.
Μορφή: Βιβλίο
Γλώσσα:Greek
Δημοσίευση: Αθήνα : Παπασωτηρίου, 2010.
Θέματα:
Ετικέτες: Προσθήκη ετικέτας
Δεν υπάρχουν, Καταχωρήστε ετικέτα πρώτοι!

MARC

LEADER 00000cam a2200000 i 4500
001 1/13371
008 110531s2010 gr | ||| |||| ||gre||
020 |a 9607182138 
035 |l 10110174 
040 |a GRMyUa  |b gre  |e AACR2 
041 0 |a gre 
082 7 |a 658.8   |2 (22)  
082 7 |a 306   |2 (23)  
100 1 |a Γκαντζιάς, Γιώργος Κ. 
245 1 0 |a Πολιτιστική πολιτική, χορηγία και εταιρική κοινωνική ευθύνη /   |c Γιώργος Κ. Γκαντζιάς.  
260 |a Αθήνα :   |b Παπασωτηρίου,   |c 2010.  
300 |a 195 σ. ;   |c 24 εκ.  
504 |a Περιλαμβάνει βιβλιογραφία.  
650 0 |a Cultural policy. 
650 0 |a Corporate sponsorship. 
650 0 |a Social responsibility of business. 
650 0 |a Cultural industries. 
852 |a INST  |b LEMNOS  |e 20221103  |h 658.8 ΓΚΑ  |p 005600003281  |q 005600003281  |t BK  |y 0 
852 |a INST  |b LESVOS  |e 20110531  |h 658.8 ΓΚΑ  |p 005100049013  |q 005100049013  |t BK  |y 12 
852 |a INST  |b LESVOS  |e 20120912  |h 658.8 ΓΚΑ  |p 005100052080  |q 005100052080  |t BK  |y 0 
852 |a INST  |b LESVOS  |e 20131104  |h 658.8 ΓΚΑ  |p 005100052185  |q 005100052185  |t BK  |y 0 
852 |a INST  |b LESVOS  |c EUDOXUS  |e 20131210  |h 658.8 ΓΚΑ  |p 005100052812  |q 005100052812  |t EDX  |y 0 
852 |a INST  |b LESVOS  |c EUDOXUS  |e 20150123  |h 658.8 ΓΚΑ  |p 005100056185  |q 005100056185  |t EDX  |y 0 
852 |a INST  |b RHODES  |c EUDOXUS  |e 20210921  |h 658.8 ΓΚΑ  |p 005400042240  |q 005400042240  |t EDX  |y 0 
852 |a INST  |b SYROS  |c EUDOXUS  |e 20160916  |h 306 ΓΚΑ  |p 005500012735  |q 005500012735  |t EDX  |y 0 
901 |a BIBL1-2011-2 
901 |a BIBL1-2012-3 
901 |a BIBL1-2013-3 
901 |a BIBL1-2015-1 
920 |a Εύδοξος  |b Παραγγελία  |y Σύρος-ΤΜΣΠΣ  |z 2016-05 
920 |a Εύδοξος  |b Επιστροφή  |y Λέσβος  |z 2011-05 
920 |a Εύδοξος  |b Επιστροφή  |y Λέσβος  |z 2013-05 
920 |a Εύδοξος  |b Επιστροφή  |y Λέσβος  |z 2015-01 
920 |a Εύδοξος  |b Επιστροφή  |y Ρόδος  |z 2021-09 
970 |a Τζαφέρη  |b Ευαγγελία  |z 31/05/2011